| 000 | 00395pab a2200145 454500 | ||
|---|---|---|---|
| 008 | 180718b2002 xxu||||| |||| 00| 0 eng d | ||
| 100 | _aGupta, Nikhil Jaiprakash | ||
| 245 | _aAnalysing the motivational needs amongst policemen: Maslow's theory revitalised | ||
| 260 | _c2002 | ||
| 300 | _ap.193-203. | ||
| 650 | _aMotivation | ||
| 650 | _aPolice | ||
| 773 | _aPolice Journal | ||
| 909 | _a54649 | ||
| 999 |
_c54649 _d54649 |
||